African traditional religion / (Record no. 167)

000 -LEADER
fixed length control field 01943cam a2200433 a 4500
001 - CONTROL NUMBER
control field 15532920
003 - CONTROL NUMBER IDENTIFIER
control field OSt
005 - DATE AND TIME OF LATEST TRANSACTION
control field 20140116120820.0
008 - FIXED-LENGTH DATA ELEMENTS--GENERAL INFORMATION
fixed length control field 081124s2009 nyuab b 001 0 eng
010 ## - LIBRARY OF CONGRESS CONTROL NUMBER
LC control number 2008051188
015 ## - NATIONAL BIBLIOGRAPHY NUMBER
National bibliography number GBA940645
Source bnb
016 7# - NATIONAL BIBLIOGRAPHIC AGENCY CONTROL NUMBER
Record control number 015118149
Source Uk
020 ## - INTERNATIONAL STANDARD BOOK NUMBER
International Standard Book Number 9781604131031 (acidfree paper)
020 ## - INTERNATIONAL STANDARD BOOK NUMBER
International Standard Book Number 1604131039 (acidfree paper)
035 ## - SYSTEM CONTROL NUMBER
System control number (OCoLC)ocn276602391
040 ## - CATALOGING SOURCE
Original cataloging agency DLC
Transcribing agency DLC
Modifying agency IG#
-- YDXCP
-- UKM
-- BTCTA
-- DLC
042 ## - AUTHENTICATION CODE
Authentication code lcac
043 ## - GEOGRAPHIC AREA CODE
Geographic area code f------
050 00 - LIBRARY OF CONGRESS CALL NUMBER
Classification number BL2400.L84 2009
100 1# - MAIN ENTRY--PERSONAL NAME
Personal name Lugira, Aloysius Muzzanganda.
245 10 - TITLE STATEMENT
Title African traditional religion /
Statement of responsibility, etc by Aloysius M. Lugira.
250 ## - EDITION STATEMENT
Edition statement 3rd ed.
260 ## - PUBLICATION, DISTRIBUTION, ETC. (IMPRINT)
Place of publication, distribution, etc New York :
Name of publisher, distributor, etc Chelsea House Publishers,
Date of publication, distribution, etc 2009.
300 ## - PHYSICAL DESCRIPTION
Extent 144 p. :
Other physical details col. ill., col. map ;
Dimensions 25 cm.
490 1# - SERIES STATEMENT
Series statement World religions
500 ## - GENERAL NOTE
General note Chelsea House and Facts on File are both imprints of Infobase Publishing.
504 ## - BIBLIOGRAPHY, ETC. NOTE
Bibliography, etc Includes bibliographical references and index.
505 0# - FORMATTED CONTENTS NOTE
Formatted contents note Introduction: Africa and its people -- The beginning of time: the oral tradition -- The supreme being -- The spirit world -- Rites and ritual in African religion -- Sacred spaces and places -- Mystical forces -- African religion in today's world -- African religion past, present, and future.
511 ## - PARTICIPANT OR PERFORMER NOTE
Participant or performer note series editors: Joanne O'Brien and Martin Palmer
520 ## - SUMMARY, ETC.
Summary, etc Explores the many manifestations of African religious belief and their expressions, in the past and in the present, as well as the hopes for the future.
651 #0 - SUBJECT ADDED ENTRY--GEOGRAPHIC NAME
Geographic name Africa
General subdivision Religion
Form subdivision Juvenile literature.
651 #0 - SUBJECT ADDED ENTRY--GEOGRAPHIC NAME
Geographic name Africa
General subdivision Religious life and customs
Form subdivision Juvenile literature.
651 #1 - SUBJECT ADDED ENTRY--GEOGRAPHIC NAME
Geographic name Africa
General subdivision Religion.
651 #1 - SUBJECT ADDED ENTRY--GEOGRAPHIC NAME
Geographic name Africa
General subdivision Religious life and customs.
830 #0 - SERIES ADDED ENTRY--UNIFORM TITLE
Uniform title World religions.
906 ## - LOCAL DATA ELEMENT F, LDF (RLIN)
a 7
b cbc
c orignew
d 1
e ecip
f 20
g y-gencatlg
942 ## - ADDED ENTRY ELEMENTS (KOHA)
Source of classification or shelving scheme
Koha item type Book
Holdings
Withdrawn status Lost status Source of classification or shelving scheme Damaged status Not for loan Home library Current library Date acquired Source of acquisition Total Checkouts Full call number Barcode Date last seen Date checked out Copy number Price effective from Koha item type Total Renewals Checked out
          Riara University Library Riara University Library 11/10/2011 2406/11 3 BL2400.L84 2009 2406/11 12/07/2018 03/03/2016 C.1 11/10/2011 Book    
          Riara University Library Riara University Library 11/10/2011 2406/11 6 BL2400.L84 2009 2408/11 17/05/2021 13/05/2021 C.2 11/10/2011 Book 1  
          Riara University Library Riara University Library 11/10/2011 2406/11 6 BL2400.L84 2009 2407/11 04/03/2021 04/03/2021 C.3 11/10/2011 Book 2 20/03/2021

Riara University Library,
P.O. Box 49940-00100,
Nairobi, Kenya.